LEADER 00995nam0-22003131i-450- 001 990005286920403321 005 20050725103420.0 035 $a000528692 035 $aFED01000528692 035 $a(Aleph)000528692FED01 035 $a000528692 100 $a19990604d1978----km-y0itay50------ba 101 1 $aita 105 $af-------00--- 200 1 $aProtagonisti dell'Antico Testamento$ePatriarchi, re e profeti$fRolf Rendtorff 210 $aTorino$cClaudiana$dc.1978 215 $a141 p., 2 tav.$d20 cm 225 1 $aPiccola biblioteca teologica$v12 300 $aTit. orig.: V-TER, K+RIGE,PROPHETEN : GESTALTEN DES ALTEN TESTAMENTS 610 0 $aBIBBIA. VECCHIO TESTAMENTO$aPersonaggi 676 $a221.92$v21$zita 700 1$aRendtorff,$bRolf$0206126 801 0$aIT$bUNINA$gRICA$2UNIMARC 901 $aBK 912 $a990005286920403321 952 $a221.92 REN 1$bST.REL. 1466$fFLFBC 959 $aFLFBC 996 $aProtagonisti dell'Antico Testamento$9537775 997 $aUNINA LEADER 00957nam a2200277 i 4500 001 991000860369707536 005 20020507102428.0 008 980319s1979 sz ||| | eng 035 $ab10139758-39ule_inst 035 $aLE00638120$9ExL 040 $aDip.to Fisica$bita 084 $a53(047) 084 $a53.3.5 084 $a536.57 100 1 $aFlaminio, V.$0461413 245 10$aCompilation of cross-sections II-K-and K+ induced reactions /$cV. Flaminio...[et al.] ; CERN 260 $aGenève :$bCERN,$c1979 300 $a357 p. ;$c30 cm. 650 4$aHigh energy physics 710 2 $aCERN 907 $a.b10139758$b02-04-14$c27-06-02 912 $a991000860369707536 945 $aLE006 53(047) CER$g1$i2006000037044$lle006$o-$pE0.00$q-$rl$s- $t0$u0$v0$w0$x0$y.i10165927$z27-06-02 996 $aCompilation of cross-sections II-K-and K+ induced reactions$9186794 997 $aUNISALENTO 998 $ale006$b01-01-98$cm$da $e-$feng$gsz $h0$i1